| 000 | 00534nam a2200217 a 4500 | ||
|---|---|---|---|
| 999 |
_c5681 _d5681 |
||
| 001 | 5681 | ||
| 003 | BD-JhCC | ||
| 005 | 20171219190601.0 | ||
| 008 | 171219s1961 b |||| || | 000 0 eng d | ||
| 035 | _a(BD-JhCC)5681 | ||
| 040 |
_aBD-JhCC _dBD-JhCC |
||
| 041 | _aeng | ||
| 082 |
_a512 _bMAH 1961 |
||
| 100 | _aMahmud,Sultan | ||
| 245 |
_aHigher Secondary Algebra / _cSultan Mahmud, |
||
| 260 |
_aDacca : _bEast Bengal Publishers, _c1961. |
||
| 300 |
_a316 p. : _c17 cm. |
||
| 650 | _aAlgebra | ||
| 942 |
_2ddc _cBK |
||